[Event "Deutsche Ländermeisterschaft 2023"]
[Site "Hannover GER"]
[Date "2023.10.03"]
[Round "5"]
[White "Lu, Yunong Elias"]
[Black "Heinisch, Niklas"]
[Result "0-1"]
[Termination "normal"]
[Board "4.5"]
[WhiteElo "1828"]
[BlackElo "1919"]
[WhiteClock "01:46:28"]
[BlackClock "00:25:12"]
[WhiteTeam "Hamburg"]
[BlackTeam "Bayern"]
[PlyCount "96"]
[WhiteFideId "16276426"]
[BlackFideId "16295080"]
[EventCountry "GER"]
[EventRounds "7"]
[EventType "team-swiss"]
[EventDate "2023.09.30"]

1. e4 {[%clk 01:30:59]} {[%emt 00:00:01]} c6 {[%clk 01:30:54]} {[%emt
00:00:06]} 2. Nc3 {[%clk 01:31:24]} {[%emt 00:00:05]} d5 {[%clk 01:30:58]}
{[%emt 00:00:26]} 3. Nf3 {[%clk 01:31:49]} {[%emt 00:00:05]} Bg4 {[%clk
01:31:05]} {[%emt 00:00:22]} 4. h3 {[%clk 01:32:14]} {[%emt 00:00:06]} Bxf3
{[%clk 01:31:23]} {[%emt 00:00:11]} 5. Qxf3 {[%clk 01:32:39]} {[%emt 00:00:06]}
e6 {[%clk 01:31:29]} {[%emt 00:00:24]} 6. g3 {[%clk 01:33:05]} {[%emt
00:00:05]} Nd7 {[%clk 01:30:45]} {[%emt 00:01:14]} 7. d4 {[%clk 01:33:24]}
{[%emt 00:00:11]} Qb6 {[%clk 01:30:42]} {[%emt 00:00:32]} 8. Qd3 {[%clk
01:33:50]} {[%emt 00:00:05]} Bb4 {[%clk 01:30:29]} {[%emt 00:00:43]} 9. Bd2
{[%clk 01:33:28]} {[%emt 00:00:53]} Bxc3 {[%clk 01:28:53]} {[%emt 00:02:06]}
10. Bxc3 {[%clk 01:33:25]} {[%emt 00:00:32]} dxe4 {[%clk 01:29:12]} {[%emt
00:00:11]} 11. Qxe4 {[%clk 01:33:44]} {[%emt 00:00:11]} Ndf6 {[%clk 01:28:59]}
{[%emt 00:00:43]} 12. Qd3 {[%clk 01:34:02]} {[%emt 00:00:12]} Ne7 {[%clk
01:26:31]} {[%emt 00:02:58]} 13. Bg2 {[%clk 01:34:21]} {[%emt 00:00:12]} O-O
{[%clk 01:23:29]} {[%emt 00:03:32]} 14. O-O {[%clk 01:34:45]} {[%emt 00:00:06]}
Rfd8 {[%clk 01:19:24]} {[%emt 00:04:34]} 15. Rad1 {[%clk 01:32:54]} {[%emt
00:02:21]} Rd7 {[%clk 01:05:18]} {[%emt 00:14:37]} 16. Rfe1 {[%clk 01:31:42]}
{[%emt 00:01:42]} Rad8 {[%clk 00:57:18]} {[%emt 00:08:30]} 17. Bf3 {[%clk
01:29:44]} {[%emt 00:02:29]} Nf5 {[%clk 00:53:34]} {[%emt 00:04:14]} 18. Qf1
{[%clk 01:22:32]} {[%emt 00:07:38]} Nxd4 {[%clk 00:50:50]} {[%emt 00:03:17]}
19. Bxd4 {[%clk 01:20:56]} {[%emt 00:02:06]} Rxd4 {[%clk 00:51:08]} {[%emt
00:00:11]} 20. c3 {[%clk 01:21:07]} {[%emt 00:00:21]} Rd2 {[%clk 00:48:16]}
{[%emt 00:03:19]} 21. Rxd2 {[%clk 01:20:51]} {[%emt 00:00:49]} Rxd2 {[%clk
00:48:38]} {[%emt 00:00:08]} 22. b4 {[%clk 01:20:59]} {[%emt 00:00:21]} h6
{[%clk 00:42:38]} {[%emt 00:06:31]} 23. a4 {[%clk 01:19:02]} {[%emt 00:02:26]}
Qd8 {[%clk 00:23:37]} {[%emt 00:19:31]} 24. Re3 {[%clk 01:16:01]} {[%emt
00:03:31]} Nd5 {[%clk 00:16:59]} {[%emt 00:07:09]} 25. Rd3 {[%clk 01:13:50]}
{[%emt 00:02:40]} Rxd3 {[%clk 00:16:34]} {[%emt 00:00:55]} 26. Qxd3 {[%clk
01:13:39]} {[%emt 00:00:40]} Qf6 {[%clk 00:15:32]} {[%emt 00:01:31]} 27. Bxd5
{[%clk 01:13:20]} {[%emt 00:00:50]} exd5 {[%clk 00:15:27]} {[%emt 00:00:35]}
28. Qe3 {[%clk 01:13:33]} {[%emt 00:00:17]} b6 {[%clk 00:12:02]} {[%emt
00:03:55]} 29. a5 {[%clk 01:13:38]} {[%emt 00:00:26]} Qe6 {[%clk 00:11:45]}
{[%emt 00:00:45]} 30. Qf4 {[%clk 01:13:01]} {[%emt 00:01:03]} Qe1+ {[%clk
00:11:02]} {[%emt 00:01:19]} 31. Kh2 {[%clk 01:13:11]} {[%emt 00:00:20]} bxa5
{[%clk 00:03:44]} {[%emt 00:07:47]} 32. bxa5 {[%clk 01:13:13]} {[%emt
00:00:27]} Qe7 {[%clk 00:01:37]} {[%emt 00:02:36]} 33. a6 {[%clk 01:12:39]}
{[%emt 00:01:05]} Qc5 {[%clk 00:01:56]} {[%emt 00:00:11]} 34. h4 {[%clk
01:12:08]} {[%emt 00:01:02]} Qb6 {[%clk 00:02:08]} {[%emt 00:00:14]} 35. h5
{[%clk 01:12:29]} {[%emt 00:00:13]} Qxa6 {[%clk 00:02:12]} {[%emt 00:00:26]}
36. Qe5 {[%clk 01:12:43]} {[%emt 00:00:15]} Qc8 {[%clk 00:02:19]} {[%emt
00:00:24]} 37. f4 {[%clk 01:12:56]} {[%emt 00:00:17]} Qe6 {[%clk 00:02:20]}
{[%emt 00:00:28]} 38. Qb8+ {[%clk 01:13:11]} {[%emt 00:00:15]} Kh7 {[%clk
00:02:50]} {[%emt 00:00:01]} 39. Qxa7 {[%clk 01:13:35]} {[%emt 00:00:07]} Qe2+
{[%clk 00:02:57]} {[%emt 00:00:22]} 40. Kg1 {[%clk 01:14:02]} {[%emt 00:00:04]}
Qe1+ {[%clk 00:03:02]} {[%emt 00:00:24]} 41. Kg2 {[%clk 01:14:24]} {[%emt
00:00:07]} Qe2+ {[%clk 00:00:54]} {[%emt 00:02:37]} 42. Kg1 {[%clk 01:14:51]}
{[%emt 00:00:06]} Qxh5 {[%clk 00:27:59]} {[%emt 00:03:24]} 43. Qc7 {[%clk
01:44:53]} {[%emt 00:00:23]} Qg6 {[%clk 00:24:44]} {[%emt 00:03:48]} 44. Kh2
{[%clk 01:45:22]} {[%emt 00:00:03]} Qe6 {[%clk 00:24:41]} {[%emt 00:00:30]} 45.
Kg2 {[%clk 01:45:34]} {[%emt 00:00:21]} g6 {[%clk 00:24:26]} {[%emt 00:00:46]}
46. Kh2 {[%clk 01:45:45]} {[%emt 00:00:19]} Kg7 {[%clk 00:24:39]} {[%emt
00:00:16]} 47. Kg2 {[%clk 01:46:07]} {[%emt 00:00:08]} Qe4+ {[%clk 00:24:48]}
{[%emt 00:00:20]} 48. Kh3 {[%clk 01:46:28]} {[%emt 00:00:10]} Qh1+ {[%clk
00:25:12]} {[%emt 00:00:06]} 0-1

[Event "Deutsche Ländermeisterschaft 2023"]
[Site "Hannover GER"]
[Date "2023.10.03"]
[Round "5"]
[White "Wunderlich, Elias"]
[Black "Wartenberg, Alissa"]
[Result "1/2-1/2"]
[Termination "normal"]
[Board "4.6"]
[WhiteElo "2008"]
[BlackElo "1690"]
[WhiteClock "00:12:25"]
[BlackClock "00:10:36"]
[WhiteTeam "Bayern"]
[BlackTeam "Hamburg"]
[PlyCount "102"]
[WhiteFideId "34608087"]
[BlackFideId "16280741"]
[EventCountry "GER"]
[EventRounds "7"]
[EventType "team-swiss"]
[EventDate "2023.09.30"]

1. e4 {[%clk 01:30:56]} {[%emt 00:00:03]} c5 {[%clk 01:30:56]} {[%emt
00:00:05]} 2. c3 {[%clk 01:31:21]} {[%emt 00:00:04]} e6 {[%clk 01:31:24]}
{[%emt 00:00:03]} 3. d4 {[%clk 01:31:44]} {[%emt 00:00:06]} d5 {[%clk
01:31:51]} {[%emt 00:00:03]} 4. exd5 {[%clk 01:31:49]} {[%emt 00:00:25]} exd5
{[%clk 01:32:17]} {[%emt 00:00:05]} 5. Nf3 {[%clk 01:32:04]} {[%emt 00:00:14]}
Nf6 {[%clk 01:32:35]} {[%emt 00:00:12]} 6. Bd3 {[%clk 01:31:58]} {[%emt
00:00:36]} Qb6 {[%clk 01:32:36]} {[%emt 00:00:30]} 7. O-O {[%clk 01:32:04]}
{[%emt 00:00:23]} Nc6 {[%clk 01:31:22]} {[%emt 00:01:44]} 8. Re1+ {[%clk
01:31:55]} {[%emt 00:00:39]} Be6 {[%clk 01:31:48]} {[%emt 00:00:04]} 9. Ng5
{[%clk 01:30:58]} {[%emt 00:01:26]} Kd7 {[%clk 01:25:49]} {[%emt 00:06:30]} 10.
Qc2 {[%clk 01:20:37]} {[%emt 00:10:51]} g6 {[%clk 01:18:34]} {[%emt 00:07:45]}
11. h3 {[%clk 00:59:16]} {[%emt 00:21:50]} cxd4 {[%clk 01:14:53]} {[%emt
00:04:11]} 12. Qe2 {[%clk 00:58:26]} {[%emt 00:01:19]} Re8 {[%clk 01:11:35]}
{[%emt 00:03:49]} 13. Qf1 {[%clk 00:46:39]} {[%emt 00:12:17]} Bd6 {[%clk
01:04:43]} {[%emt 00:07:22]} 14. cxd4 {[%clk 00:45:44]} {[%emt 00:01:24]} Qxd4
{[%clk 01:00:09]} {[%emt 00:05:04]} 15. Nc3 {[%clk 00:45:17]} {[%emt 00:00:57]}
Qb6 {[%clk 00:51:55]} {[%emt 00:08:44]} 16. Nb5 {[%clk 00:43:54]} {[%emt
00:01:53]} Bc5 {[%clk 00:49:23]} {[%emt 00:03:02]} 17. Bf4 {[%clk 00:41:53]}
{[%emt 00:02:30]} a6 {[%clk 00:26:02]} {[%emt 00:23:51]} 18. Bc7 {[%clk
00:28:01]} {[%emt 00:14:22]} Bxf2+ {[%clk 00:26:19]} {[%emt 00:00:13]} 19. Kh2
{[%clk 00:25:31]} {[%emt 00:02:59]} Bg1+ {[%clk 00:22:17]} {[%emt 00:04:32]}
20. Qxg1 {[%clk 00:17:30]} {[%emt 00:08:31]} Qxg1+ {[%clk 00:22:42]} {[%emt
00:00:05]} 21. Kxg1 {[%clk 00:17:42]} {[%emt 00:00:17]} axb5 {[%clk 00:18:45]}
{[%emt 00:04:28]} 22. Bb6 {[%clk 00:17:41]} {[%emt 00:00:31]} Kd6 {[%clk
00:13:53]} {[%emt 00:05:22]} 23. Bxb5 {[%clk 00:17:41]} {[%emt 00:00:30]} Nd7
{[%clk 00:13:53]} {[%emt 00:00:30]} 24. Bf2 {[%clk 00:16:26]} {[%emt 00:01:45]}
Nde5 {[%clk 00:10:07]} {[%emt 00:04:16]} 25. Rac1 {[%clk 00:14:33]} {[%emt
00:02:23]} f6 {[%clk 00:09:43]} {[%emt 00:00:54]} 26. Bc5+ {[%clk 00:13:42]}
{[%emt 00:01:21]} Kd7 {[%clk 00:09:08]} {[%emt 00:01:06]} 27. Re3 {[%clk
00:04:22]} {[%emt 00:09:50]} h6 {[%clk 00:07:39]} {[%emt 00:01:59]} 28. Nf3
{[%clk 00:03:38]} {[%emt 00:01:14]} Nxf3+ {[%clk 00:07:31]} {[%emt 00:00:37]}
29. Rxf3 {[%clk 00:04:07]} {[%emt 00:00:02]} f5 {[%clk 00:07:36]} {[%emt
00:00:25]} 30. Bd4 {[%clk 00:03:07]} {[%emt 00:01:30]} Rhg8 {[%clk 00:07:23]}
{[%emt 00:00:43]} 31. Ra3 {[%clk 00:02:39]} {[%emt 00:00:58]} Ra8 {[%clk
00:06:53]} {[%emt 00:00:59]} 32. Bxc6+ {[%clk 00:00:43]} {[%emt 00:02:26]} bxc6
{[%clk 00:07:18]} {[%emt 00:00:05]} 33. Rb3 {[%clk 00:00:44]} {[%emt 00:00:29]}
Rgb8 {[%clk 00:06:42]} {[%emt 00:01:05]} 34. Rxb8 {[%clk 00:00:51]} {[%emt
00:00:24]} Rxb8 {[%clk 00:07:09]} {[%emt 00:00:03]} 35. Kf2 {[%clk 00:00:57]}
{[%emt 00:00:23]} Rb4 {[%clk 00:07:10]} {[%emt 00:00:29]} 36. Bc3 {[%clk
00:00:55]} {[%emt 00:00:32]} Rc4 {[%clk 00:06:48]} {[%emt 00:00:52]} 37. b3
{[%clk 00:00:55]} {[%emt 00:00:31]} Rf4+ {[%clk 00:06:08]} {[%emt 00:01:09]}
38. Kg3 {[%clk 00:00:54]} {[%emt 00:00:31]} Re4 {[%clk 00:06:14]} {[%emt
00:00:24]} 39. Re1 {[%clk 00:00:35]} {[%emt 00:00:49]} h5 {[%clk 00:02:26]}
{[%emt 00:04:18]} 40. Rxe4 {[%clk 00:00:32]} {[%emt 00:00:33]} fxe4 {[%clk
00:02:27]} {[%emt 00:00:29]} 41. b4 {[%clk 00:26:17]} {[%emt 00:04:45]} Kc7
{[%clk 00:30:15]} {[%emt 00:02:42]} 42. Bd4 {[%clk 00:25:39]} {[%emt 00:01:08]}
Kb7 {[%clk 00:28:46]} {[%emt 00:01:59]} 43. Kf4 {[%clk 00:25:17]} {[%emt
00:00:52]} Kc7 {[%clk 00:21:46]} {[%emt 00:07:31]} 44. Ke5 {[%clk 00:23:59]}
{[%emt 00:01:48]} Bf5 {[%clk 00:15:42]} {[%emt 00:06:33]} 45. a4 {[%clk
00:19:35]} {[%emt 00:04:54]} e3 {[%clk 00:11:03]} {[%emt 00:05:09]} 46. Bxe3
{[%clk 00:19:16]} {[%emt 00:00:49]} Bc2 {[%clk 00:11:09]} {[%emt 00:00:24]} 47.
a5 {[%clk 00:14:16]} {[%emt 00:05:30]} Kb7 {[%clk 00:10:30]} {[%emt 00:01:10]}
48. Kd4 {[%clk 00:12:53]} {[%emt 00:01:53]} Ba4 {[%clk 00:10:02]} {[%emt
00:00:58]} 49. Kc5 {[%clk 00:12:12]} {[%emt 00:01:11]} Bb5 {[%clk 00:10:18]}
{[%emt 00:00:14]} 50. g3 {[%clk 00:12:16]} {[%emt 00:00:26]} Bf1 {[%clk
00:10:17]} {[%emt 00:00:31]} 51. h4 {[%clk 00:12:25]} {[%emt 00:00:20]} Bb5
{[%clk 00:10:36]} {[%emt 00:00:12]} 1/2-1/2

[Event "Deutsche Ländermeisterschaft 2023"]
[Site "Hannover GER"]
[Date "2023.10.03"]
[Round "5"]
[White "Grebita, Magnus"]
[Black "Prinzen, Siri Marleen"]
[Result "0-1"]
[Termination "normal"]
[Board "4.7"]
[WhiteElo "1540"]
[BlackElo "1689"]
[WhiteClock "01:21:41"]
[BlackClock "00:39:32"]
[WhiteTeam "Hamburg"]
[BlackTeam "Bayern"]
[PlyCount "60"]
[WhiteFideId "34608958"]
[BlackFideId "16265912"]
[EventCountry "GER"]
[EventRounds "7"]
[EventType "team-swiss"]
[EventDate "2023.09.30"]

1. e4 {[%clk 01:30:54]} {[%emt 00:00:05]} c6 {[%clk 01:30:57]} {[%emt
00:00:04]} 2. d4 {[%clk 01:31:15]} {[%emt 00:00:09]} d5 {[%clk 01:31:23]}
{[%emt 00:00:04]} 3. exd5 {[%clk 01:31:37]} {[%emt 00:00:08]} cxd5 {[%clk
01:31:47]} {[%emt 00:00:06]} 4. Bd3 {[%clk 01:31:59]} {[%emt 00:00:08]} Nc6
{[%clk 01:32:03]} {[%emt 00:00:15]} 5. c3 {[%clk 01:32:22]} {[%emt 00:00:08]}
Qc7 {[%clk 01:32:18]} {[%emt 00:00:14]} 6. h3 {[%clk 01:32:46]} {[%emt
00:00:07]} Nf6 {[%clk 01:30:42]} {[%emt 00:02:06]} 7. Nf3 {[%clk 01:32:51]}
{[%emt 00:00:24]} e6 {[%clk 01:29:48]} {[%emt 00:01:24]} 8. O-O {[%clk
01:32:58]} {[%emt 00:00:23]} Bd6 {[%clk 01:27:26]} {[%emt 00:02:53]} 9. Re1
{[%clk 01:31:42]} {[%emt 00:01:46]} a6 {[%clk 01:22:34]} {[%emt 00:05:21]} 10.
Bg5 {[%clk 01:30:34]} {[%emt 00:01:39]} h6 {[%clk 01:20:37]} {[%emt 00:02:28]}
11. Bxf6 {[%clk 01:29:38]} {[%emt 00:01:26]} gxf6 {[%clk 01:20:54]} {[%emt
00:00:13]} 12. Nbd2 {[%clk 01:29:43]} {[%emt 00:00:25]} Bd7 {[%clk 01:15:08]}
{[%emt 00:06:16]} 13. Qc2 {[%clk 01:28:16]} {[%emt 00:01:55]} O-O-O {[%clk
01:12:24]} {[%emt 00:03:15]} 14. a4 {[%clk 01:27:57]} {[%emt 00:00:50]} e5
{[%clk 01:07:59]} {[%emt 00:04:54]} 15. dxe5 {[%clk 01:27:27]} {[%emt
00:01:01]} fxe5 {[%clk 01:07:51]} {[%emt 00:00:38]} 16. Bf5 {[%clk 01:26:40]}
{[%emt 00:01:16]} e4 {[%clk 01:02:49]} {[%emt 00:05:33]} 17. Bxd7+ {[%emt
00:00:27]} Qxd7 {[%clk 00:59:50]} {[%emt 00:03:24]} 18. Nd4 {[%clk 01:26:53]}
{[%emt 00:00:25]} Rhg8 {[%clk 00:55:08]} {[%emt 00:05:12]} 19. Kh1 {[%clk
01:25:33]} {[%emt 00:01:51]} Kb8 {[%clk 00:51:51]} {[%emt 00:03:47]} 20. Nxc6+
{[%clk 01:25:26]} {[%emt 00:00:37]} Qxc6 {[%clk 00:50:54]} {[%emt 00:01:26]}
21. Nb3 {[%clk 01:24:55]} {[%emt 00:01:02]} f5 {[%clk 00:49:11]} {[%emt
00:02:14]} 22. Nd4 {[%clk 01:21:55]} {[%emt 00:03:31]} Qd7 {[%clk 00:49:06]}
{[%emt 00:00:34]} 23. b4 {[%clk 01:22:11]} {[%emt 00:00:14]} f4 {[%clk
00:43:44]} {[%emt 00:05:53]} 24. b5 {[%clk 01:22:01]} {[%emt 00:00:40]} f3
{[%clk 00:42:01]} {[%emt 00:02:12]} 25. g4 {[%clk 01:22:16]} {[%emt 00:00:16]}
Rxg4 {[%clk 00:39:40]} {[%emt 00:02:51]} 26. hxg4 {[%clk 01:20:44]} {[%emt
00:02:02]} Qxg4 {[%clk 00:39:37]} {[%emt 00:00:32]} 27. Nxf3 {[%clk 01:20:54]}
{[%emt 00:00:20]} Qxf3+ {[%clk 00:39:53]} {[%emt 00:00:13]} 28. Kg1 {[%clk
01:21:12]} {[%emt 00:00:12]} Rg8+ {[%clk 00:39:50]} {[%emt 00:00:34]} 29. Kf1
{[%clk 01:21:35]} {[%emt 00:00:08]} Bh2 {[%clk 00:39:32]} {[%emt 00:00:48]} 30.
Qd3 {[%clk 01:21:41]} {[%emt 00:00:23]} Rg1# {[%emt 00:00:10]} 0-1

[Event "Deutsche Ländermeisterschaft 2023"]
[Site "Hannover GER"]
[Date "2023.10.03"]
[Round "5"]
[White "Artemenko, Isabella"]
[Black "Fettan, Nua"]
[Result "0-1"]
[Termination "normal"]
[Board "4.8"]
[WhiteElo "1016"]
[BlackElo "1248"]
[WhiteClock "00:27:42"]
[BlackClock "00:35:33"]
[WhiteTeam "Bayern"]
[BlackTeam "Hamburg"]
[PlyCount "90"]
[WhiteFideId "34639616"]
[BlackFideId "34637362"]
[EventCountry "GER"]
[EventRounds "7"]
[EventType "team-swiss"]
[EventDate "2023.09.30"]

1. e4 {[%clk 01:30:58]} {[%emt 00:00:01]} e5 {[%clk 01:30:55]} {[%emt
00:00:06]} 2. Nf3 {[%clk 01:30:42]} {[%emt 00:00:45]} Nc6 {[%clk 01:31:17]}
{[%emt 00:00:09]} 3. Bc4 {[%clk 01:28:56]} {[%emt 00:02:15]} Nf6 {[%clk
01:31:16]} {[%emt 00:00:31]} 4. O-O {[%clk 01:26:55]} {[%emt 00:02:31]} d5
{[%clk 01:27:40]} {[%emt 00:04:06]} 5. exd5 {[%clk 01:24:42]} {[%emt 00:02:43]}
Nxd5 {[%clk 01:28:03]} {[%emt 00:00:08]} 6. d3 {[%clk 01:22:59]} {[%emt
00:02:12]} Bc5 {[%clk 01:28:18]} {[%emt 00:00:16]} 7. c3 {[%clk 01:21:23]}
{[%emt 00:02:06]} Nb6 {[%clk 01:27:35]} {[%emt 00:01:12]} 8. Bb3 {[%clk
01:20:48]} {[%emt 00:01:05]} O-O {[%clk 01:25:57]} {[%emt 00:02:09]} 9. Bg5
{[%clk 01:19:40]} {[%emt 00:01:35]} Qd6 {[%clk 01:23:59]} {[%emt 00:02:29]} 10.
Re1 {[%clk 01:17:48]} {[%emt 00:02:22]} Qg6 {[%clk 01:22:44]} {[%emt 00:01:45]}
11. Bc2 {[%clk 01:14:22]} {[%emt 00:03:56]} Bg4 {[%clk 01:15:28]} {[%emt
00:07:46]} 12. d4 {[%clk 01:13:02]} {[%emt 00:01:51]} Bxf3 {[%clk 01:15:19]}
{[%emt 00:00:38]} 13. Bxg6 {[%clk 01:12:48]} {[%emt 00:00:44]} Bxd1 {[%clk
01:15:37]} {[%emt 00:00:13]} 14. dxc5 {[%clk 01:13:09]} {[%emt 00:00:09]} fxg6
{[%clk 01:13:22]} {[%emt 00:02:45]} 15. Rxd1 {[%clk 01:12:33]} {[%emt
00:01:05]} Na4 {[%clk 01:12:23]} {[%emt 00:01:30]} 16. b4 {[%clk 01:10:45]}
{[%emt 00:02:17]} Nb2 {[%clk 01:08:41]} {[%emt 00:04:12]} 17. Rd2 {[%clk
01:07:26]} {[%emt 00:03:48]} Nc4 {[%clk 01:08:00]} {[%emt 00:01:13]} 18. Re2
{[%clk 01:06:18]} {[%emt 00:01:35]} h6 {[%clk 01:04:41]} {[%emt 00:03:51]} 19.
Nd2 {[%clk 01:03:43]} {[%emt 00:03:04]} Nxd2 {[%clk 01:00:50]} {[%emt
00:04:24]} 20. Bxd2 {[%clk 01:03:41]} {[%emt 00:00:30]} Rad8 {[%clk 01:00:08]}
{[%emt 00:01:13]} 21. h3 {[%clk 01:00:06]} {[%emt 00:04:04]} Rfe8 {[%clk
00:59:11]} {[%emt 00:01:27]} 22. Rae1 {[%clk 00:57:16]} {[%emt 00:03:19]} g5
{[%clk 00:56:50]} {[%emt 00:02:51]} 23. f4 {[%clk 00:55:54]} {[%emt 00:01:50]}
gxf4 {[%clk 00:52:19]} {[%emt 00:05:04]} 24. Bxf4 {[%clk 00:55:49]} {[%emt
00:00:34]} Kf7 {[%clk 00:52:21]} {[%emt 00:00:28]} 25. Bxe5 {[%clk 00:53:47]}
{[%emt 00:02:32]} Nxe5 {[%clk 00:51:38]} {[%emt 00:01:13]} 26. Rxe5 {[%clk
00:54:00]} {[%emt 00:00:16]} Rxe5 {[%clk 00:51:41]} {[%emt 00:00:29]} 27. Rxe5
{[%clk 00:54:12]} {[%emt 00:00:17]} Rd1+ {[%clk 00:52:09]} {[%emt 00:00:03]}
28. Kh2 {[%clk 00:54:29]} Rc1 {[%clk 00:51:46]} {[%emt 00:01:06]} 29. Rf5+
{[%clk 00:52:18]} Ke6 {[%clk 00:51:32]} {[%emt 00:03:25]} 30. Rf3 {[%clk
00:49:26]} Rc2 {[%clk 00:49:16]} {[%emt 00:06:09]} 31. a4 {[%clk 00:48:59]} b6
{[%clk 00:48:03]} {[%emt 00:02:40]} 32. cxb6 {[%clk 00:47:24]} axb6 {[%clk
00:48:03]} 33. Kg3 {[%clk 00:47:24]} Ra2 {[%clk 00:46:50]} {[%emt 00:05:17]}
34. Re3+ {[%clk 00:47:04]} {[%emt 00:00:20]} Kf6 {[%clk 00:45:48]} {[%emt
00:01:32]} 35. Rd3 {[%clk 00:46:17]} {[%emt 00:01:16]} Rxa4 {[%clk 00:45:57]}
{[%emt 00:00:22]} 36. Rd7 {[%clk 00:46:33]} {[%emt 00:00:12]} Ra7 {[%clk
00:46:14]} {[%emt 00:00:14]} 37. Rd4 {[%clk 00:43:32]} {[%emt 00:03:30]} c5
{[%clk 00:44:27]} {[%emt 00:02:18]} 38. Rd6+ {[%clk 00:43:33]} {[%emt
00:00:29]} Ke5 {[%clk 00:43:40]} {[%emt 00:01:18]} 39. Rxb6 {[%clk 00:43:27]}
{[%emt 00:00:36]} c4 {[%clk 00:42:31]} {[%emt 00:01:39]} 40. Rb5+ {[%clk
00:43:39]} {[%emt 00:00:16]} Ke4 {[%clk 00:42:35]} {[%emt 00:00:27]} 41. Ra5
{[%clk 00:42:34]} {[%emt 00:01:36]} Rd7 {[%clk 00:40:46]} {[%emt 00:02:18]} 42.
Rc5 {[%clk 00:27:42]} {[%emt 00:15:22]} Rd3+ {[%clk 00:40:01]} {[%emt
00:01:16]} 43. Kg4 {[%clk 00:27:21]} {[%emt 00:00:50]} Rxc3 {[%clk 00:38:38]}
{[%emt 00:01:54]} 44. b5 {[%clk 00:27:27]} {[%emt 00:00:23]} Kd4 {[%clk
00:37:57]} {[%emt 00:01:11]} 45. Rc6 {[%clk 00:27:42]} {[%emt 00:00:14]} Rb3
{[%clk 00:35:33]} {[%emt 00:02:55]} 0-1